Analýza a hodnotenie nástrojov EMU na udržanie fiškálnej zodpovednosti bakalárska práca

Salvato in:
Dettagli Bibliografici
Autore principale: Pűšpőkyová, Nikola
Ente Autore: Národohospodárska fakulta EU. Katedra hospodárskej politiky
Altri autori: Chandoga, Roman
Natura: Libro
Lingua:slovacco
Pubblicazione: Bratislava 2013
Tags: Aggiungi Tag
Nessun Tag, puoi essere il primo ad aggiungerne!!

MARC

LEADER 00000nbm a2200000 4500
001 0172617
005 20161109112105.8
041 0 |a slo 
044 |a SK 
245 1 0 |a Analýza a hodnotenie nástrojov EMU na udržanie fiškálnej zodpovednosti  |b bakalárska práca  |c Nikola Pűšpőkyová ; školiteľ: Roman Chandoga 
264 1 |a Bratislava  |c 2013 
300 |a 51 s. 
100 1 |a Pűšpőkyová, Nikola 
700 1 |a Chandoga, Roman 
710 2 |a Národohospodárska fakulta EU. Katedra hospodárskej politiky